000 004540000a22001690004500
041 0 _aSPA
082 0 4 _aG 492 G7485m
110 1 _aUniversidad de Granada
245 1 0 _aMiscelanea de estudios árabes y hebráicos / Universidad de Granada
260 _aGranada, España : Urania
300 _a139 Pag
001 10301
942 _cBK
999 _c39890
_d39890
336 _atexto
_btxt
_2rdacontent
337 _2rdamedia
_asin mediación
_bn
338 _2rdacarrier
_avolumen
_bnc